000 00580nam a22001697a 4500
005 20251108173341.0
008 250721s1999 xx 000 0 ara d
082 1 4 _a817/فخر
100 1 _aفخر الدين، فخر الدين
245 1 0 _aأخبار وطرائف عن الملوك و الخلفاء و المغنين و الشعراء و العشاق /
264 1 _aبيروت :
_bدار الحرف العربي،
_c1999.
300 _a253 ص
650 1 7 _aالفكاهة و النوادر
650 1 7 _aالأدب العربي
942 _2ddc
_cBK
999 _c101856
_d101856